TCP/IP illustrated / (Record no. 552)

MARC details
000 -LEADER
fixed length control field 00891nac a22002411u 4500
008 - FIXED-LENGTH DATA ELEMENTS--GENERAL INFORMATION
fixed length control field 100906t xxu||||| |||| 00| 0 eng d
020 ## - INTERNATIONAL STANDARD BOOK NUMBER
International Standard Book Number 0201633469 (v. 1)
020 ## - INTERNATIONAL STANDARD BOOK NUMBER
International Standard Book Number 020163354X (v. 2)
020 ## - INTERNATIONAL STANDARD BOOK NUMBER
International Standard Book Number 0201634953 (v. 3)
020 ## - INTERNATIONAL STANDARD BOOK NUMBER
International Standard Book Number 8178081652
082 00 - DEWEY DECIMAL CLASSIFICATION NUMBER
Classification number 004.62
Item number S8441
100 1# - MAIN ENTRY--PERSONAL NAME
Personal name Stevens, W. Richard
9 (RLIN) 18249
245 10 - TITLE STATEMENT
Title TCP/IP illustrated /
Statement of responsibility, etc W. Richard Stevens.
260 ## - PUBLICATION, DISTRIBUTION, ETC. (IMPRINT)
Place of publication, distribution, etc New Delhi :
Name of publisher, distributor, etc Pearson Education,
Date of publication, distribution, etc [2000].
300 ## - PHYSICAL DESCRIPTION
Extent Vol. 2
Other physical details ill. ;
Dimensions 25 cm.
500 ## - GENERAL NOTE
General note Vol. 2 by W. Richard Stevens, Gary R. Wright.
500 ## - GENERAL NOTE
General note Includes index.
504 ## - BIBLIOGRAPHY, ETC. NOTE
Bibliography, etc Includes bibliographical references and indexes.
505 0# - FORMATTED CONTENTS NOTE
Formatted contents note v. 1. The protocols -- v. 2. The implementation -- v. 3. TCP for transactions, HTTP, NNTP, and the UNIX domain protocols.
650 #0 - SUBJECT ADDED ENTRY--TOPICAL TERM
Topical term or geographic name as entry element TCP/IP (Computer network protocol)
9 (RLIN) 18250
700 1# - ADDED ENTRY--PERSONAL NAME
Personal name Wright, Gary R.
9 (RLIN) 18251
942 ## - ADDED ENTRY ELEMENTS (KOHA)
Item type Book - Borrowing
Call number prefix 004.62S8441
Source of classification or shelving scheme Dewey Decimal Classification
Holdings
Withdrawn status Item status Source of classification or shelving scheme Damaged status Not for loan Vendor Home library Current library Shelving location Date acquired Source of acquisition Cost, normal purchase price Total Checkouts Full call number Barcode Date last seen Cost, replacement price Koha item type
    Dewey Decimal Classification       Central Library Central Library Lower Floor 17/07/2006   126.00   004.62 STE 000004067 15/07/2025 157.50 Book - Borrowing